Havarijné poistenie motorových vozidiel

Zákonné poistenie motorových vozidiel na Slovensku. Poistné produkty poisťovní Allianz, Kooperativa, Česká poisťovňa-Slovensko, Poisťovňa Otčina a Slovenská poisťovňa.

Gespeichert in:
Bibliographische Detailangaben
1. Verfasser: Pumová, A.
Format: Buchkapitel
Sprache:Slowakisch
Schlagworte:
Tags: Tag hinzufügen
Keine Tags, Fügen Sie das erste Tag hinzu!

MARC

LEADER 00000naa a2200000 4500
001 r025183
005 20251104123558.1
041 0 |a slo 
044 |a SK 
245 1 0 |a Havarijné poistenie motorových vozidiel  |c A. Pumová 
520 |a Zákonné poistenie motorových vozidiel na Slovensku. Poistné produkty poisťovní Allianz, Kooperativa, Česká poisťovňa-Slovensko, Poisťovňa Otčina a Slovenská poisťovňa. 
610 2 0 |a poistenie havarijné 
610 2 0 |a Slovensko 
610 2 0 |a poisťovne komerčné 
610 2 0 |a Allianz poisťovňa, a.s. Bratislava 
610 2 0 |a Kooperativa, a.s. Bratislava 
610 2 0 |a Česká poisťovňa - Slovensko, a.s. Bratislava 
610 2 0 |a Otčina, a.s. Bratislava 
610 2 0 |a Slovenská poisťovňa, a.s. Bratislava 
100 1 |a Pumová, A.